Resource Atlas Madhya Pradesh/ (Record no. 191799)

MARC details
000 -LEADER
fixed length control field 00516nam a22001697a 4500
005 - DATE AND TIME OF LATEST TRANSACTION
control field 20220905105512.0
010 ## - LCCN (DPL NO)
LC control number ENG-134894
020 ## - INTERNATIONAL STANDARD BOOK NUMBER
Terms of availability 1500.00
035 ## - SYSTEM CONTROL NUMBER
System control number EN-118426
037 ## - SOURCE OF ACQUISITION
Source of stock number/acquisition DBAD/PUB
082 ## - DEWEY DECIMAL CLASSIFICATION NUMBER
Classification number 954.21
245 ## - TITLE STATEMENT
Title Resource Atlas Madhya Pradesh/
260 ## - PUBLICATION, DISTRIBUTION, ETC. (IMPRINT)
Place of publication, distribution, etc Madhya Pradesh
Name of publisher, distributor, etc Madhya Pradesh Council of Science & Technology
Date of publication, distribution, etc 2007
270 ## - ADDRESS
Address Vigyan Bhawan, Nehru Nagar
City Bhopal
Postal code 462003
Electronic mail address dgmpcst@indiatimes.com
300 ## - PHYSICAL DESCRIPTION
Extent 198p.
Dimensions 28cm(hb)
942 ## - ADDED ENTRY ELEMENTS (KOHA)
Source of classification or shelving scheme Dewey Decimal Classification
Item type English Books
Classification part 954.21
Call number suffix RES
Holdings
Withdrawn status Lost status Not for loan Collection code Home library Current library Date acquired Source of acquisition Cost, normal purchase price Full call number Barcode Copy number Cost, replacement price Koha item type
    Not For Loan Reference Ashok Vihar Ashok Vihar 05/09/2022 DBAD/PUB 1500.00 954.21 RES EN-118426 1 1500.00 English Books

© Delhi Public Library
Hit Counter
free hit counter